000 00898nam a2200253Ia 4500
003 GCL
008 140319s9999 xx 000 0 ara d
040 _aGCL /
_cGCL
082 0 4 _aد
_b398
_bهـ ف
100 1 _aالهيئة المصرية العامة للكتاب
245 1 0 _aالفنون الشعبية (1965 : 1971 ، 1978 ) /
_cالهيئة المصرية العامة للكتاب
260 _aالقاهرة :
_bالهيئة المصرية العامة للكتاب
300 _aمتعدد الترقيم
490 _aموسوعه السنه
_v0
650 0 4 _aالفولكلور
650 0 4 _aالادب الشعبى
650 0 4 _aالمهرجانات الشعبية
650 0 4 _aالاغانى الشعبية
650 0 4 _aالفنون
650 0 4 _aالاساطير
650 0 4 _aالموسيقى الشعبية
650 0 4 _aالمهرجانات
942 _2ddc
_cCR
999 _c26940
_d26940